[Event "ICS rated standard match"]
[Site "204.178.125.65"]
[Date "2000.08.14"]
[Round "?"]
[White "Interceptor"]
[Black "Hossa"]
[Result "1/2-1/2"]
[WhiteElo "2529"]
[BlackElo "2342"]
[PlyCount "124"]
[EventDate "2000.??.??"]

1. e4 c5 2. c3 d5 3. exd5 Qxd5 4. d4 e6 5. Nf3 Nf6 6. Na3 Qd8 7. Nc4 Nc6 8. Be3
Nd5 9. dxc5 Nxe3 10. Qxd8+ Nxd8 11. fxe3 Bxc5 12. b4 Be7 13. Bd3 f6 14. Nd4 Bd7
15. O-O Nf7 16. a4 Rc8 17. Nb5 a6 18. Nd4 Nd6 19. Nxd6+ Bxd6 20. Rac1 Ke7 21.
a5 Rc7 22. Rfd1 Rhc8 23. Ne2 Ba4 24. Rf1 f5 25. Ra1 Bc6 26. Rfd1 Be5 27. Ra3
Rd7 28. Nd4 f4 29. Bxh7 fxe3 30. Re1 Bf4 31. g3 Bh6 32. Nxc6+ bxc6 33. Be4 Rd2
34. Raa1 Bg5 35. h4 Bh6 36. Bg2 e2 37. Bf3 Be3+ 38. Kg2 Rf8 39. c4 Bd4 40. Ra3
Rb2 41. c5 Rxb4 42. Rxe2 Bxc5 43. Rd3 Ra4 44. Bxc6 Rxa5 45. Rd7+ Kf6 46. g4 Ra3
47. Be4 g5 48. Bb1 gxh4 49. g5+ Kxg5 50. Re5+ Kf6 51. Rxc5 Rg8+ 52. Kf2 h3 53.
Bd3 Rg2+ 54. Kf3 Rd2 55. Ke3 h2 56. Rh5 Rb2 57. Kf3 Ra4 58. Rh6+ Ke5 59. Kg3
Raa2 60. Rh5+ Kf6 61. Rh6+ Ke5 62. Rh5+ Kf6 1/2-1/2

[Event "ICS rated standard match"]
[Site "204.178.125.65"]
[Date "2000.08.14"]
[Round "?"]
[White "Hossa"]
[Black "BrazilianMaster"]
[Result "0-1"]
[WhiteElo "2350"]
[BlackElo "2609"]
[PlyCount "138"]
[EventDate "2000.??.??"]

1. e4 Nf6 2. e5 Nd5 3. c4 Nb6 4. c5 Nd5 5. d4 d6 6. Nf3 dxc5 7. dxc5 e6 8. Qa4+
Nc6 9. Nd4 Qh4 10. Bb5 Qe4+ 11. Kf1 Bd7 12. Nxc6 Qxa4 13. Bxa4 Bxc5 14. Ke2
Bxc6 15. Bxc6+ bxc6 16. Rd1 f6 17. exf6 gxf6 18. Nd2 Rg8 19. g3 a5 20. Nb3 Bb6
21. Be3 a4 22. Nd4 a3 23. Rdb1 Kd7 24. Nb3 Kd6 25. Bd2 Ra4 26. Kf1 c5 27. Nc1
axb2 28. Rxb2 c4 29. Ne2 Ra3 30. Be1 Rga8 31. Rc2 Kc5 32. Bd2 Ba5 33. Bc1 Ra4
34. a3 Rb8 35. Bb2 e5 36. Kg2 Rb3 37. Nc1 Rb6 38. Na2 e4 39. Rd1 Rb3 40. Nc1
Rf3 41. Kg1 c3 42. Nb3+ Kc4 43. Nxa5+ Rxa5 44. Bc1 Kb3 45. Re2 f5 46. Bh6 Rd3
47. Rb1+ Kc4 48. Ra2 Ra6 49. Bg5 Rg6 50. h4 h6 51. Bc1 f4 52. Kh2 fxg3+ 53.
fxg3 Rgxg3 54. Bxh6 Rh3+ 55. Kg1 Rxh4 56. Re2 Rg3+ 57. Kf2 Rf3+ 58. Kg1 Rxh6
59. Rxe4+ Kd3 60. Ree1 Rg6+ 61. Kh2 Nf4 62. Rbd1+ Kc4 63. Re4+ Kb3 64. Rxf4
Rxf4 65. Rb1+ Ka2 66. Rb4 Rxb4 67. axb4 c2 68. Kh3 c1=Q 69. b5 Qh1# {
Hossa checkmated} 0-1

[Event "ICS rated blitz match"]
[Site "204.178.125.65"]
[Date "2000.08.14"]
[Round "?"]
[White "Hossa"]
[Black "Dorky"]
[Result "1-0"]
[WhiteElo "2533"]
[BlackElo "2401"]
[PlyCount "71"]
[EventDate "2000.??.??"]

1. d4 Nf6 2. c4 e6 3. Nf3 b6 4. e3 Bb7 5. Bd3 d5 6. Nc3 dxc4 7. Bxc4 Be7 8. O-O
O-O 9. Qe2 Nbd7 10. e4 c6 11. Bf4 b5 12. Bd3 b4 13. Nb1 Nh5 14. Be3 Qc7 15. Qc2
Nf4 16. Bb5 Rac8 17. Rc1 a6 18. Bf1 c5 19. Nbd2 f5 20. Qc4 fxe4 21. Bxf4 Rxf4
22. Qxe6+ Kf8 23. Ne5 Nxe5 24. dxe5 Bd5 25. Qxd5 Rd8 26. Qe6 Rxd2 27. Bc4 Ke8
28. Rf1 Rxb2 29. Rad1 g6 30. Bb3 e3 31. Ba4+ Kf8 32. Rd7 Bh4 33. Rxc7 exf2+ 34.
Kh1 Be7 35. Qxe7+ Kg8 36. Qg7# {Dorky checkmated} 1-0

[Event "ICS rated blitz match"]
[Site "204.178.125.65"]
[Date "2000.08.14"]
[Round "?"]
[White "WitPaard"]
[Black "Hossa"]
[Result "0-1"]
[WhiteElo "2253"]
[BlackElo "2543"]
[PlyCount "33"]
[EventDate "2000.??.??"]

1. e4 e5 2. d4 exd4 3. Qxd4 Nc6 4. Qe3 Nf6 5. Nc3 Bb4 6. Bd2 O-O 7. O-O-O Re8
8. Qg3 Rxe4 9. a3 Rg4 10. Qh3 Bxc3 11. Bxc3 d5 12. f3 Rd4 13. g4 Rxd1+ 14. Kxd1
d4 15. Bd2 Qd5 16. Bd3 Ne5 17. g5 {WitPaard resigns} 0-1

[Event "ICS rated blitz match"]
[Site "204.178.125.65"]
[Date "2000.08.14"]
[Round "?"]
[White "Hossa"]
[Black "WitPaard"]
[Result "1-0"]
[WhiteElo "2548"]
[BlackElo "2248"]
[PlyCount "63"]
[EventDate "2000.??.??"]

1. d4 f5 2. Nf3 g6 3. e3 Bg7 4. c4 Nf6 5. Nc3 O-O 6. c5 d5 7. cxd6 exd6 8. Bd3
d5 9. O-O c6 10. b3 Nbd7 11. Ba3 Re8 12. Qc2 Ne4 13. Ne2 Ndf6 14. Nf4 g5 15.
Ne2 h6 16. Ne5 Be6 17. f3 Qa5 18. Qb2 b5 19. Nxc6 Qb6 20. Rac1 Rac8 21. Ne7+
Rxe7 22. Bxe7 Nd6 23. Bxd6 Qxd6 24. Rxc8+ Bxc8 25. Bxb5 f4 26. exf4 gxf4 27.
Qc2 Be6 28. Qc5 Qb8 29. Qe7 Bf7 30. Bd3 h5 31. Rc1 Ne8 32. Bh7+ {
WitPaard resigns} 1-0

[Event "ICS rated blitz match"]
[Site "204.178.125.65"]
[Date "2000.08.14"]
[Round "?"]
[White "MissSilicon"]
[Black "Hossa"]
[Result "1-0"]
[WhiteElo "2673"]
[BlackElo "2553"]
[PlyCount "215"]
[EventDate "2000.??.??"]

1. e4 Nf6 2. Bc4 e5 3. Nc3 Bc5 4. d3 d6 5. Na4 Bb4+ 6. c3 d5 7. exd5 Be7 8. Nf3
O-O 9. Bg5 a6 10. Nxe5 Bd6 11. d4 b5 12. Bd3 bxa4 13. O-O a3 14. bxa3 h6 15.
Bxf6 Qxf6 16. Re1 g6 17. Nc4 Be7 18. Be4 Ra7 19. Rb1 Nd7 20. Qc1 Qg7 21. Bd3
Bg5 22. f4 Bf6 23. Na5 Kh8 24. Qc2 Rg8 25. f5 Bh4 26. Re4 Bg5 27. Re2 Ra8 28.
fxg6 fxg6 29. Nc6 a5 30. Rbe1 Rf8 31. Ne7 Bxe7 32. Rxe7 Rf7 33. Rxf7 Qxf7 34.
Bxg6 Qg7 35. Re8+ Nf8 36. Qb1 Qf6 37. Bd3 Qf4 38. Qb2 Kg7 39. Qe2 Qc1+ 40. Qf1
Qxf1+ 41. Bxf1 Kf7 42. Bb5 Ng6 43. Re3 Kg7 44. Kf2 Bb7 45. c4 Rf8+ 46. Kg3 h5
47. Rf3 Bc8 48. Rxf8 Kxf8 49. h3 h4+ 50. Kf3 Ne7 51. Kf4 Nf5 52. c5 Ke7 53. Bd3
Kf6 54. Ke4 Bd7 55. Ba6 Ba4 56. Kd3 Kg5 57. Bc8 Bb5+ 58. Ke4 Ne7 59. Bb7 Bd7
60. d6 cxd6 61. cxd6 Nf5 62. Kd5 Kf6 63. Kc5 a4 64. Bd5 Ne3 65. Bb7 Nf5 66. Be4
Ng7 67. Bf3 Ne6+ 68. Kc4 Nf4 69. Be4 Ne2 70. Kc5 Nc1 71. Kb6 Ne2 72. Kc7 Be8
73. d7 Bxd7 74. Kxd7 Nxd4 75. Kd6 Nb5+ 76. Kc5 Nc3 77. Kd4 Nxa2 78. Bc6 Nc1 79.
Bxa4 Ne2+ 80. Ke3 Nc3 81. Bb3 Ke5 82. a4 Ne4 83. a5 Nc5 84. Bc4 Nd7 85. a6 Nb6
86. Bd3 Nc8 87. Kf3 Kd4 88. Be2 Na7 89. Kg4 Ke4 90. Kxh4 Ke3 91. Kg5 Kxe2 92.
h4 Nb5 93. h5 Nc7 94. h6 Nxa6 95. h7 Nc5 96. Kf5 Kd3 97. g4 Kc4 98. h8=Q Na4
99. g5 Kd3 100. Qe5 Kc2 101. g6 Kb3 102. Qe3+ Kb4 103. g7 Nc5 104. Qd4+ Kb5
105. g8=Q Kc6 106. Qc8+ Kb5 107. Qcxc5+ Ka6 108. Qb6# {Hossa checkmated} 1-0

[Event "ICS rated blitz match"]
[Site "204.178.125.65"]
[Date "2000.08.14"]
[Round "?"]
[White "Hossa"]
[Black "MissSilicon"]
[Result "1-0"]
[WhiteElo "2542"]
[BlackElo "2684"]
[PlyCount "185"]
[EventDate "2000.??.??"]

1. e4 e5 2. Nf3 Nf6 3. Nc3 Nc6 4. Bb5 Bb4 5. d3 d6 6. a3 Bxc3+ 7. bxc3 O-O 8.
O-O Ne7 9. Bg5 c6 10. Bc4 d5 11. exd5 Nfxd5 12. Qe2 f6 13. Bd2 Bf5 14. Nh4 Bc8
15. f4 exf4 16. Rxf4 b5 17. Bb3 Re8 18. Re1 Rb8 19. Re4 Rb7 20. Qh5 a6 21. Nf3
g6 22. Qh6 Bf5 23. Nd4 Bxe4 24. dxe4 Kh8 25. exd5 cxd5 26. Qh4 Rf8 27. Ne6 Qb6+
28. Qd4 Rc8 29. Rf1 Nf5 30. Rxf5 gxf5 31. Bxd5 Qxd4+ 32. cxd4 Rd7 33. Bb3 Re8
34. Bb4 h6 35. Bc5 Rb7 36. Kf2 a5 37. Bd5 Rh7 38. h4 Rf7 39. g3 Rc8 40. Bf3 Rd7
41. Be2 Rb8 42. Bd3 Kg8 43. Bxf5 Rd5 44. Bg6 Rd7 45. c3 Ra8 46. Be4 Rc8 47. Bd3
Rb8 48. Bf5 Rd5 49. g4 Kf7 50. Kf3 Rd7 51. Nf4 Rdb7 52. d5 Kg8 53. Be6+ Kg7 54.
Bd4 b4 55. g5 hxg5 56. hxg5 bxc3 57. gxf6+ Kh6 58. Ne2 c2 59. Bf5 Kg5 60. Bxc2
Rd8 61. Nf4 Rc8 62. Ne6+ Kh5 63. Bd3 Rg8 64. d6 Kh4 65. Bf2+ Kh5 66. Bf5 Rf7
67. Bd4 Kh4 68. d7 Rxd7 69. Bf2+ Kh5 70. Nf4+ Kg5 71. Bxd7 Kxf6 72. Ke4 Ke7 73.
Be6 Rb8 74. Ke5 Kf8 75. Kf6 Ke8 76. Nh5 Kd8 77. Ng7 Rb5 78. Bg3 Rc5 79. Kf7 Rc3
80. Bf4 Rc6 81. Bf5 Rc4 82. Be5 Rc7+ 83. Kf8 Rxg7 84. Kxg7 a4 85. Bd6 Ke8 86.
Be7 Kxe7 87. Bc2 Kd6 88. Kf8 Kc5 89. Ke7 Kb5 90. Kd6 Kb6 91. Bxa4 Ka5 92. Bc2
Kb6 93. a4 {MissSilicon resigns} 1-0

[Event "ICS rated standard match"]
[Site "204.178.125.65"]
[Date "2000.08.14"]
[Round "?"]
[White "Hossa"]
[Black "cappa"]
[Result "1-0"]
[WhiteElo "2344"]
[BlackElo "1962"]
[PlyCount "91"]
[EventDate "2000.??.??"]

1. c4 e6 2. Nc3 Nf6 3. d4 Bb4 4. a3 Bxc3+ 5. bxc3 O-O 6. Nf3 Nc6 7. Bg5 h6 8.
Bh4 d6 9. e4 g5 10. Nxg5 Nxe4 11. Nf3 Ng5 12. Nd2 Qf6 13. Bd3 Re8 14. Ne4 Qg7
15. Bxg5 hxg5 16. Qh5 Kf8 17. Qxg5 f5 18. Qxg7+ Kxg7 19. Ng3 e5 20. Bxf5 exd4+
21. Kd2 Rf8 22. Bxc8 Raxc8 23. f3 Rce8 24. cxd4 Nxd4 25. Rab1 b6 26. a4 Kg6 27.
h4 Rg8 28. Ne4 Kf5 29. Rbg1 Nc6 30. Kc3 Rgf8 31. h5 Rh8 32. g4+ Kf4 33. Rh3 Re6
34. g5 Ne5 35. Nd2 Nc6 36. Rh4+ Kf5 37. Nf1 Rhe8 38. g6 Kf6 39. Rf4+ Ke5 40.
Re4+ Kf6 41. Rxe6+ Kxe6 42. h6 Rf8 43. g7 Rxf3+ 44. Kd2 Ne7 45. h7 Rf2+ 46. Ke3
{cappa resigns} 1-0

[Event "ICS rated standard match"]
[Site "204.178.125.65"]
[Date "2000.08.14"]
[Round "?"]
[White "Hossa"]
[Black "Youngwife"]
[Result "0-1"]
[WhiteElo "2347"]
[BlackElo "2238"]
[PlyCount "122"]
[EventDate "2000.??.??"]

1. e4 c5 2. Nf3 e6 3. d4 cxd4 4. Nxd4 Nc6 5. c4 Nf6 6. Nxc6 bxc6 7. Nc3 Bb4 8.
Bd3 e5 9. O-O O-O 10. f4 d6 11. fxe5 dxe5 12. Bg5 Qd4+ 13. Kh1 Ng4 14. Qe2 f6
15. Bh4 Rd8 16. Rad1 Bxc3 17. bxc3 Qxc3 18. Be1 Qa3 19. c5 Be6 20. h3 Nh6 21.
Bc4 Bf7 22. Rxd8+ Rxd8 23. Qc2 Rd4 24. Rf3 Rxc4 25. Qxc4 Qxf3 26. Qxf7+ Nxf7
27. gxf3 Ng5 28. Kg2 Ne6 29. Bd2 Kf7 30. Be3 g5 31. Kf2 Kg6 32. Kg3 Nd4 33. Kf2
f5 34. exf5+ Kxf5 35. Kg3 h6 36. Bd2 h5 37. Be3 Ne2+ 38. Kf2 Nf4 39. Kg3 h4+
40. Kh2 Ke6 41. Bd2 Kd5 42. Bb4 Kc4 43. Ba5 Ne6 44. Bd2 a6 45. Bc1 Kxc5 46.
Ba3+ Kd4 47. Bb2+ Kd5 48. Bc3 c5 49. a4 Nf4 50. a5 c4 51. Bb2 Ne2 52. Ba3 c3
53. Kg2 Nf4+ 54. Kg1 Nxh3+ 55. Kh2 Nf4 56. Be7 Kc4 57. Bxg5 c2 58. Bxh4 c1=Q
59. Bg5 Qd2+ 60. Kg3 Qg2+ 61. Kh4 Qh3# {Hossa checkmated} 0-1

[Event "ICS rated blitz match"]
[Site "204.178.125.65"]
[Date "2000.08.14"]
[Round "?"]
[White "PostModernist"]
[Black "Hossa"]
[Result "1-0"]
[WhiteElo "2711"]
[BlackElo "2564"]
[PlyCount "151"]
[EventDate "2000.??.??"]

1. d4 e6 2. c4 Nf6 3. Nf3 b6 4. g3 Ba6 5. b3 Bb4+ 6. Bd2 Bxd2+ 7. Qxd2 O-O 8.
Bg2 c6 9. O-O d5 10. Ne5 Nfd7 11. Nd3 dxc4 12. Nb4 cxb3 13. Nxa6 Nxa6 14. Bxc6
Rc8 15. axb3 Rxc6 16. Rxa6 Rc7 17. Rc1 Nb8 18. Rxc7 Qxc7 19. Ra4 Rd8 20. Nc3
Nc6 21. Nb5 Qd7 22. e4 Na5 23. Qb4 Rc8 24. Ra2 Rc1+ 25. Kg2 Rb1 26. Qa4 Qc6 27.
Nxa7 Qxa4 28. bxa4 g5 29. d5 g4 30. d6 Rd1 31. e5 Nc4 32. Nc6 f6 33. Rc2 Nxe5
34. Nxe5 fxe5 35. Rc6 Kf7 36. Rxb6 Kf6 37. a5 e4 38. a6 e3 39. fxe3 Rd2+ 40.
Kf1 Ra2 41. d7 Ke7 42. Rxe6+ Kxd7 43. Rh6 Ke8 44. e4 Kf8 45. Rb6 Ke8 46. Kg1 h5
47. Rc6 Ke7 48. Rh6 Kf8 49. Rb6 Ke7 50. Rb7+ Kd6 51. a7 Ke5 52. Re7+ Kd6 53.
Rh7 Ke5 54. Rxh5+ Kxe4 55. Rh7 Kf3 56. Rf7+ Ke3 57. h3 gxh3 58. g4 Kd4 59. g5
Kd5 60. g6 Ke6 61. Rb7 h2+ 62. Kh1 Ra1+ 63. Kxh2 Ra2+ 64. Kg3 Ra3+ 65. Kh4 Ra4+
66. Kg5 Ra1 67. g7 Rg1+ 68. Kf4 Kd6 69. a8=Q Rf1+ 70. Ke3 Re1+ 71. Kf2 Re8 72.
Qxe8 Kc5 73. Qe5+ Kc6 74. Rc7+ Kb6 75. Qc5+ Ka6 76. Ra7# {Hossa checkmated} 1-0

[Event "ICS rated blitz match"]
[Site "204.178.125.65"]
[Date "2000.08.14"]
[Round "?"]
[White "Crashing-King"]
[Black "Hossa"]
[Result "0-1"]
[WhiteElo "2426"]
[BlackElo "2554"]
[PlyCount "58"]
[EventDate "2000.??.??"]

1. e4 c5 2. Nf3 Nc6 3. Bb5 d6 4. O-O Bg4 5. Re1 e6 6. d3 a6 7. Bxc6+ bxc6 8.
Nbd2 d5 9. Qe2 Be7 10. Nf1 Nf6 11. h3 Bxf3 12. Qxf3 Nd7 13. e5 O-O 14. Qg3 f6
15. exf6 Rxf6 16. Bd2 e5 17. Nh2 Rf5 18. Ng4 Bh4 19. Nh6+ Kh8 20. Qg4 Bxf2+ 21.
Kh1 Rf6 22. Bg5 gxh6 23. Bxf6+ Nxf6 24. Qf5 Bxe1 25. Rxe1 Nd7 26. Qe6 Qc7 27.
Qe7 Rf8 28. c3 Qd8 29. Qd6 Rf6 0-1

[Event "ICS rated blitz match"]
[Site "204.178.125.65"]
[Date "2000.08.14"]
[Round "?"]
[White "Hossa"]
[Black "Crashing-King"]
[Result "1-0"]
[WhiteElo "2564"]
[BlackElo "2416"]
[PlyCount "63"]
[EventDate "2000.??.??"]

1. c4 e6 2. Nc3 d5 3. d4 c6 4. Nf3 dxc4 5. g3 b5 6. Bg2 Nd7 7. O-O Bb7 8. Nd2
a6 9. Nde4 Ngf6 10. Bf4 Nb6 11. Nxf6+ Qxf6 12. Ne4 Qd8 13. Nc5 Bxc5 14. dxc5
Nd5 15. Be5 O-O 16. Bd6 Ne7 17. Qc2 Re8 18. Be5 Ng6 19. Rfd1 Qe7 20. Bd6 Qf6
21. f4 e5 22. fxe5 Nxe5 23. Rf1 Qg5 24. Qf5 Qxf5 25. Rxf5 Ng4 26. e4 Ne3 27.
Rf4 Nxg2 28. Kxg2 f6 29. h3 Re6 30. Raf1 Rae8 31. e5 fxe5 32. Rf8+ 1-0

[Event "ICS rated blitz match"]
[Site "204.178.125.65"]
[Date "2000.08.14"]
[Round "?"]
[White "Hossa"]
[Black "Crashing-King"]
[Result "1-0"]
[WhiteElo "2583"]
[BlackElo "2397"]
[PlyCount "25"]
[EventDate "2000.??.??"]

1. e4 c5 2. c3 d6 3. d4 Nf6 4. Bd3 Nc6 5. d5 Ne5 6. Bc2 g6 7. f4 Ned7 8. Nf3
Bg7 9. e5 dxe5 10. fxe5 Ng4 11. e6 fxe6 12. dxe6 Nb6 13. Ba4+ 1-0

[Event "ICS rated blitz match"]
[Site "204.178.125.65"]
[Date "2000.08.14"]
[Round "?"]
[White "Crashing-King"]
[Black "Hossa"]
[Result "0-1"]
[WhiteElo "2389"]
[BlackElo "2591"]
[PlyCount "86"]
[EventDate "2000.??.??"]

1. e4 c5 2. Nf3 Nc6 3. Bb5 d6 4. h3 a6 5. Bxc6+ bxc6 6. O-O e5 7. c3 f5 8. Qa4
Nf6 9. exf5 Qb6 10. d4 cxd4 11. cxd4 e4 12. Nfd2 Bxf5 13. Nc3 d5 14. Re1 Bb4
15. a3 Bd6 16. b4 O-O 17. Ne2 Qc7 18. Nf1 Nd7 19. Ne3 Be6 20. Rf1 Nb6 21. Qc2
Rf6 22. Bd2 Raf8 23. Be1 Bf7 24. Rc1 Bh5 25. a4 Qb7 26. a5 Na8 27. Kh1 Nc7 28.
Qa2 Ne6 29. b5 axb5 30. a6 Qa8 31. Rd1 Bxe2 32. Qxe2 Qxa6 33. Qb2 Nf4 34. Qb3
Nd3 35. Nxd5 cxd5 36. Qxd5+ Kh8 37. Qxe4 Nxf2+ 38. Bxf2 Rxf2 39. Rxf2 Rxf2 40.
Qe3 Rf8 41. Re1 Qa2 42. Qe6 Qxe6 43. Rxe6 Rf1# 0-1

[Event "ICS Rated blitz match"]
[Site "204.178.125.65"]
[Date "2000.08.14"]
[Round "?"]
[White "Hossa"]
[Black "Crashing-King"]
[Result "1-0"]
[WhiteElo "2613"]
[BlackElo "2367"]
[PlyCount "81"]
[EventDate "2000.??.??"]

1. e4 c5 2. Nf3 e6 3. Nc3 a6 4. d4 cxd4 5. Nxd4 Qc7 6. Bd3 Nc6 7. Be3 Nf6 8.
O-O Ne5 9. Bf4 d6 10. Nf3 Be7 11. Nxe5 dxe5 12. Be3 O-O 13. g4 b5 14. a3 Bb7
15. g5 Nd7 16. Qg4 Bc5 17. Bxc5 Nxc5 18. Rfd1 Rad8 19. Be2 f5 20. gxf6 Rxf6 21.
Rxd8+ Qxd8 22. Rd1 Qb6 23. Qh4 Rg6+ 24. Kh1 h6 25. b4 Na4 26. Nxa4 bxa4 27.
Qd8+ Qxd8 28. Rxd8+ Kh7 29. f3 Rf6 30. Rd6 Rf7 31. Rxe6 Rc7 32. c4 Kg8 33. Rxe5
Kf7 34. c5 g6 35. Bc4+ Kf6 36. Re6+ Kg5 37. Bxa6 Bxa6 38. Rxa6 Kf4 39. Kg2 g5
40. Rxh6 g4 41. Rh4 1-0

[Event "ICS rated standard match"]
[Site "204.178.125.65"]
[Date "2000.08.14"]
[Round "?"]
[White "MM3Quick"]
[Black "Hossa"]
[Result "1-0"]
[WhiteElo "2202"]
[BlackElo "2326"]
[PlyCount "121"]
[EventDate "2000.??.??"]

1. d3 e5 2. c3 d5 3. Qc2 Nf6 4. e4 Bd6 5. Nf3 dxe4 6. dxe4 O-O 7. Bg5 h6 8. Bh4
Nc6 9. Nbd2 Be6 10. Bc4 Qe7 11. O-O Rad8 12. Rad1 a6 13. a4 Bg4 14. h3 Bd7 15.
Rfe1 g5 16. Bg3 Nh5 17. Bh2 Nf4 18. Bxf4 gxf4 19. b4 Kh8 20. Nb3 Rg8 21. Kf1
Rg6 22. b5 axb5 23. axb5 Na7 24. b6 cxb6 25. Ra1 Nb5 26. Nbd2 Rc8 27. Qb3 Nxc3
28. Rec1 Na4 29. Bxf7 Rxc1+ 30. Rxc1 Rg7 31. Bd5 b5 32. Rc2 b4 33. Ra2 b5 34.
Ne1 h5 35. Ndf3 h4 36. Ra1 Be8 37. Qc2 Bc7 38. Ra2 Kh7 39. Qb3 Bd6 40. Ra1 Rg6
41. Nd3 Kh8 42. Rb1 Nc5 43. Nxc5 Bxc5 44. Qc2 Bb6 45. Qb2 Bc7 46. Qxb4 Bd6 47.
Qc3 Kh7 48. Ra1 b4 49. Qc4 Qf6 50. Qc8 Bb5+ 51. Kg1 Rg7 52. Ra8 Rc7 53. Qg4 Kh6
54. Nxh4 Rc1+ 55. Kh2 Rh1+ 56. Kxh1 Be8 57. Rxe8 Bf8 58. Nf5+ Qxf5 59. exf5 Kh7
60. Rxf8 Kh6 61. Rh8# {Hossa checkmated} 1-0

[Event "ICS rated standard match"]
[Site "204.178.125.65"]
[Date "2000.08.15"]
[Round "?"]
[White "Hossa"]
[Black "superbeast"]
[Result "1-0"]
[WhiteElo "2305"]
[BlackElo "1976"]
[PlyCount "37"]
[EventDate "2000.??.??"]

1. d3 Nf6 2. e4 e5 3. Nf3 Nc6 4. Nc3 Be7 5. Nd5 d6 6. Nxe7 Qxe7 7. Be2 O-O 8.
O-O Bd7 9. c3 h6 10. Nd2 d5 11. exd5 Nxd5 12. Bf3 Nf4 13. Nb3 Rad8 14. Re1 Qg5
15. Nc5 Bh3 16. Nxb7 Rxd3 17. Bxf4 Rxd1 18. Bxg5 Rxa1 19. Rxa1 {
superbeast resigns} 1-0

[Event "ICS Rated standard match"]
[Site "204.178.125.65"]
[Date "2000.08.15"]
[Round "?"]
[White "matemastr"]
[Black "Hossa"]
[Result "1-0"]
[WhiteElo "2403"]
[BlackElo "2309"]
[PlyCount "161"]
[EventDate "2000.??.??"]

1. d4 Nf6 2. Bf4 g6 3. e3 Bg7 4. Nf3 d5 5. Nbd2 O-O 6. Bd3 c5 7. O-O c4 8. Be2
Nc6 9. Ne5 Nxe5 10. dxe5 Nd7 11. Nf3 Nc5 12. Qd4 Ne6 13. Qd2 Nxf4 14. exf4 b6
15. Rfe1 Bb7 16. Nd4 Qd7 17. a4 Qc7 18. a5 c3 19. Qxc3 Qxc3 20. bxc3 Rac8 21.
axb6 axb6 22. Ra7 Rb8 23. Rb1 e6 24. Rxb6 Ba8 25. Rb3 Rbd8 26. h4 h5 27. Ba6
Bh6 28. g3 Rb8 29. Rc7 Rfd8 30. f3 Bf8 31. Kf2 Re8 32. Ke2 Red8 33. Ke3 Re8 34.
Kd3 Red8 35. Ke2 Re8 36. Kf1 Rbd8 37. Bb7 Rb8 38. Bxa8 Rxb3 39. cxb3 Rxa8 40.
Ke2 Ra1 41. b4 Rg1 42. b5 Rb1 43. Ke3 Re1+ 44. Kd2 Rb1 45. Kc2 Ra1 46. b6 Ra2+
47. Kd3 Rb2 48. b7 Rb6 49. Kc2 Ba3 50. Rc8+ Kg7 51. b8=Q Rxb8 52. Rxb8 Be7 53.
Nc6 Bc5 54. Nd4 Be7 55. Rb5 Ba3 56. c4 dxc4 57. Kc3 Be7 58. Kxc4 Bf8 59. Rb7
Kg8 60. Kb5 Ba3 61. Kc6 Kf8 62. Kd7 Kg8 63. Ke8 Bc5 64. Ne2 Be3 65. Rxf7 Bf2
66. Rf6 Kg7 67. Rxe6 Bc5 68. Re7+ Kg8 69. e6 Bb4 70. Rf7 Bd6 71. e7 Bb8 72.
Rf8+ Kg7 73. Kd7 Ba7 74. e8=Q Bc5 75. Rh8 Kf6 76. Qe6+ Kg7 77. Qe5+ Kf7 78.
Qxc5 g5 79. Qf8+ Kg6 80. Rg8+ Kh7 81. Qg7# {Hossa checkmated} 1-0

[Event "ICS rated standard match"]
[Site "204.178.125.65"]
[Date "2000.08.15"]
[Round "?"]
[White "superbeast"]
[Black "Hossa"]
[Result "1-0"]
[WhiteElo "1972"]
[BlackElo "2301"]
[PlyCount "137"]
[EventDate "2000.??.??"]

1. e4 c5 2. Nf3 Nc6 3. Bb5 d6 4. O-O Bg4 5. h3 Bd7 6. Re1 Nf6 7. c3 a6 8. Bxc6
Bxc6 9. d4 Bxe4 10. Bg5 Qb6 11. Bxf6 Bxf3 12. Qxf3 gxf6 13. Nd2 O-O-O 14. Nc4
Qc7 15. Ne3 e6 16. b4 f5 17. bxc5 dxc5 18. Nc4 cxd4 19. Ne5 d3 20. Nxd3 Rg8 21.
Rab1 Bd6 22. c4 h5 23. c5 Bh2+ 24. Kh1 h4 25. Rb6 Rxd3 26. Qxd3 Qxc5 27. Rb2
Bc7 28. Rc2 Qb6 29. Rec1 Kb8 30. Rxc7 Qxf2 31. R7c2 Qb6 32. Qc3 Rg3 33. Qc7+
Qxc7 34. Rxc7 Ra3 35. Rxf7 Rxa2 36. Rcc7 Rb2 37. Rce7 Rb1+ 38. Kh2 Rb6 39. Rh7
Rb4 40. Rxe6 Ka7 41. Rf6 Rf4 42. Rff7 Kb6 43. Rxb7+ Kc6 44. Ra7 Kb6 45. Raf7
Kb5 46. Rh5 Kb4 47. Rhxf5 Rd4 48. Rf4 Kc3 49. Rxd4 Kxd4 50. Rf4+ Kd5 51. Rxh4
Ke5 52. g4 a5 53. Rh5+ Kf6 54. Rxa5 Kf7 55. Kg3 Ke7 56. Kf4 Kd6 57. Kf5 Kc7 58.
g5 Kb6 59. Re5 Kc7 60. g6 Kc6 61. g7 Kd6 62. g8=Q Kc6 63. Qd5+ Kc7 64. Re7+ Kb6
65. Re6+ Kc7 66. Qd6+ Kc8 67. Re8+ Kb7 68. Rb8+ Ka7 69. Qb6# {Hossa checkmated}
1-0

[Event "ICS rated blitz match"]
[Site "204.178.125.65"]
[Date "2000.08.15"]
[Round "?"]
[White "Dorky"]
[Black "Hossa"]
[Result "1-0"]
[WhiteElo "2408"]
[BlackElo "2619"]
[PlyCount "115"]
[EventDate "2000.??.??"]

1. e4 c5 2. Nf3 e6 3. d4 cxd4 4. Nxd4 Nc6 5. Nc3 Qc7 6. Be3 a6 7. Bd3 Nf6 8.
O-O Bd6 9. Nxc6 Bxh2+ 10. Kh1 dxc6 11. g3 Bxg3 12. fxg3 Qxg3 13. Rf3 Qh4+ 14.
Kg1 Ng4 15. Bf4 e5 16. Bg3 Qe7 17. Be2 f5 18. exf5 Qc5+ 19. Kh1 O-O 20. Qd3 b5
21. Rff1 Nf6 22. Rad1 Qb4 23. Bxe5 Bb7 24. Qg3 c5+ 25. Kg1 Qxb2 26. Ne4 Qxe5
27. Qxe5 Bxe4 28. Qe6+ Kh8 29. c4 Rfe8 30. Qb6 Bxf5 31. Rxf5 Rxe2 32. Rd8+ Re8
33. Rxe8+ Rxe8 34. cxb5 axb5 35. Qxb5 Re1+ 36. Kg2 h6 37. Rxc5 Re8 38. Rc7 Rd8
39. Qb7 Rg8 40. a4 Kh7 41. Qb1+ Kh8 42. Qb7 Kh7 43. a5 Ne8 44. Qe4+ Kh8 45. Re7
Nf6 46. Qg6 Nd5 47. Rf7 Ne3+ 48. Kg3 Nc4 49. Qe6 Nxa5 50. Kf3 Kh7 51. Qf5+ Kh8
52. Qxa5 Re8 53. Qc7 Ra8 54. Qc3 Ra3 55. Qxa3 Kh7 56. Qd3+ Kg8 57. Qg6 Kh8 58.
Qxg7# {Hossa checkmated} 1-0

[Event "ICS rated blitz match"]
[Site "204.178.125.65"]
[Date "2000.08.15"]
[Round "?"]
[White "Hossa"]
[Black "Dorky"]
[Result "0-1"]
[WhiteElo "2594"]
[BlackElo "2433"]
[PlyCount "116"]
[EventDate "2000.??.??"]

1. d4 Nf6 2. Bf4 e6 3. e3 d5 4. Nd2 Bd6 5. Bxd6 Qxd6 6. c4 O-O 7. Ngf3 Nbd7 8.
cxd5 exd5 9. Bd3 c5 10. O-O c4 11. Bc2 Re8 12. Qe2 h6 13. Rfd1 Qb6 14. Rab1 g6
15. Nf1 Qe6 16. Ng3 b5 17. Ra1 a5 18. a4 b4 19. Qf1 c3 20. bxc3 Ba6 21. Qe1
Rac8 22. Ne2 Bxe2 23. Qxe2 Rxc3 24. Rab1 Ne4 25. Rbc1 Rec8 26. Bxe4 Rxc1 27.
Bd3 b3 28. Rf1 Nb6 29. Qb2 R1c3 30. Bb5 Qf5 31. Ne1 R8c7 32. h3 Nc8 33. Ba6 Nd6
34. Qa1 Qd7 35. Nd3 Qf5 36. Ne1 h5 37. Qb2 Ne4 38. Nd3 Qe6 39. Bb5 Rc2 40. Qa1
Nd2 41. Re1 Ra2 42. Qd1 Rcc2 43. Nc5 Qf6 44. Bd3 Qxf2+ 45. Kh1 Nf3 46. Qxf3
Qxe1+ 47. Kh2 Rxg2+ 48. Qxg2 h4 49. Qxa2 bxa2 50. Nb3 Qg3+ 51. Kh1 Qxh3+ 52.
Kg1 Qxe3+ 53. Kg2 Qg3+ 54. Kf1 Qxd3+ 55. Kf2 Qxb3 56. Ke2 a1=Q 57. Kf2 Qaa2+
58. Kg1 Qbb1# {Hossa checkmated} 0-1

[Event "ICS rated blitz match"]
[Site "204.178.125.65"]
[Date "2000.08.15"]
[Round "?"]
[White "Dorky"]
[Black "Hossa"]
[Result "0-1"]
[WhiteElo "2456"]
[BlackElo "2571"]
[PlyCount "88"]
[EventDate "2000.??.??"]

1. d4 Nf6 2. c4 c5 3. d5 b5 4. Nf3 bxc4 5. e3 Ba6 6. Nc3 e6 7. Ne5 Qc7 8. Nxc4
exd5 9. Nxd5 Nxd5 10. Qxd5 Bb7 11. Qf5 d5 12. e4 dxc4 13. Bxc4 Bd6 14. e5 Bxe5
15. Bxf7+ Qxf7 16. Qxe5+ Qe7 17. Qxe7+ Kxe7 18. Be3 Kf7 19. O-O Na6 20. Rac1
Rhd8 21. Bxc5 Nxc5 22. Rxc5 Kf6 23. Rc7 Rab8 24. f3 Rd2 25. b3 Rxa2 26. Rd1 Ba8
27. Rdd7 Rxb3 28. h4 Rb1+ 29. Kh2 g6 30. Rd8 Bb7 31. Rdd7 Rab2 32. Rxh7 a5 33.
Rhf7+ Ke5 34. Rfe7+ Kd4 35. Red7+ Ke3 36. Kg3 Ke2 37. Rg7 Kf1 38. Rxb7 Rxb7 39.
Rxg6 R7b2 40. Kh3 Kf2 41. Kh2 Rg1 42. h5 Kf1 43. Kh3 Rbxg2 44. Rc6 Rh1# {
Dorky checkmated} 0-1